LDR 00533naa#a2200169#i#450# 001 EN\INFRA-M\bibl\126140 005 20260703133545.5 011 ## _a2500-3321 100 ## _a20260618b2026####ek#y0engy0150####ca 102 ## _aRU 200 1# _aModern methodology of scientific knowledge: from monism to pluralism _eJournal article 210 1# _aMoscow _cINFRA-M Academic Publishing LLC. _d2026 215 ## _a9 с. 608 ## _aJournal article _2local 675 ## _aФилософия. Психология. 1 _z 700 #1 _aSokolova _gE. P. 856 4# _anaukaru.ru _u